Normal view
MARC view
- التعليم - نماذج
Entry Topical Term
001 - CONTROL NUMBER
- control field: 52626
003 - CONTROL NUMBER IDENTIFIER
- control field: JO-AjAnu
005 - DATE AND TIME OF LATEST TRANSACTION
- control field: 20230606082641.0
008 - FIXED-LENGTH DATA ELEMENTS
- fixed length control field: 230606|| aca||aabn | a|a d
040 ## - CATALOGING SOURCE
- Original cataloging agency: JO-AjAnu
- Transcribing agency: JO-AjAnu
150 ## - HEADING--TOPICAL TERM
- Topical term or geographic name entry element: التعليم - نماذج
670 ## - SOURCE DATA FOUND
- Source citation: Work cat.: (JO-AjAnu)26891: الطيطي، محمد حمد عقل, author 52625, تدريس المفاهيم: نموذج تصميم تعليمي